Quaid-e-Azam Jinnah: the story of a nation (Record no. 330784)
[ view plain ]
| 000 -LEADER | |
|---|---|
| fixed length control field | 00700nam a22002177a 4500 |
| 003 - CONTROL NUMBER IDENTIFIER | |
| control field | Nust |
| 005 - DATE AND TIME OF LATEST TRANSACTION | |
| control field | 20170807103838.0 |
| 008 - FIXED-LENGTH DATA ELEMENTS--GENERAL INFORMATION | |
| fixed length control field | 170206b xxu||||| |||| 00| 0 eng d |
| 020 ## - INTERNATIONAL STANDARD BOOK NUMBER | |
| International Standard Book Number | 9690001124 |
| 020 ## - INTERNATIONAL STANDARD BOOK NUMBER | |
| International Standard Book Number | 9789690001122 |
| 040 ## - CATALOGING SOURCE | |
| Transcribing agency | Nust |
| 082 ## - DEWEY DECIMAL CLASSIFICATION NUMBER | |
| Classification number | 954.0350924 |
| Author Mark | ALL |
| 100 ## - MAIN ENTRY--PERSONAL NAME | |
| Personal name | Allana, G |
| 9 (RLIN) | 3790 |
| 245 ## - TITLE STATEMENT | |
| Title | Quaid-e-Azam Jinnah: the story of a nation |
| 260 ## - PUBLICATION, DISTRIBUTION, ETC. | |
| Place of publication, distribution, etc. | Lahore |
| Name of publisher, distributor, etc. | Ferozsons |
| Date of publication, distribution, etc. | 1998 |
| 300 ## - PHYSICAL DESCRIPTION | |
| Extent | 537p. : |
| 650 ## - SUBJECT ADDED ENTRY--TOPICAL TERM | |
| Topical term or geographic name entry element | Jinnah, Mahomed Ali |
| 9 (RLIN) | 3791 |
| 700 ## - ADDED ENTRY--PERSONAL NAME | |
| Personal name | G. Allana |
| 9 (RLIN) | 3792 |
| 942 ## - ADDED ENTRY ELEMENTS (KOHA) | |
| Koha item type | Book |
| Source of classification or shelving scheme | |
| Withdrawn status | Lost status | Source of classification or shelving scheme | Damaged status | Not for loan | Permanent Location | Current Location | Shelving location | Date acquired | Total Checkouts | Full call number | Barcode | Date last seen | Date last checked out | Copy number | Price effective from | Koha item type |
|---|---|---|---|---|---|---|---|---|---|---|---|---|---|---|---|---|
| Central Library (CL) | Central Library (CL) | Book Cart | 08/07/2017 | 1 | 923.1549 ALL | CL925 | 11/09/2023 | 10/17/2023 | 1 | 08/07/2017 | Book |
